| 000 | 01061nac a22003017a 4500 | ||
|---|---|---|---|
| 001 | BR0300989 | ||
| 003 | BR-BrBNA | ||
| 005 | 20240105122754.0 | ||
| 008 | 230509b bl.|||m| |||| 00| 0 por d | ||
| 040 |
_aBR-BrBNA _bpor _cBiblioteca Nacional de Agricultura |
||
| 072 | _aF30 | ||
| 090 | _a0120 BR0300989 | ||
| 100 | 1 | _aValentini, L. | |
| 100 | 1 | _aShimoya, A. | |
| 100 | 1 | _aCosta, C.C. da S. | |
| 110 | 1 | _aEmpresa de Pesquisa Agropecuária do Estado do Rio de Janeiro, Niterói (Brasil) | |
| 245 | 1 | _aCaracteristicas da espiga de cultivares de milho verde avaliadas nas regiões norte e noroeste fluminense | |
| 260 | 3 |
_aNiterói, RJ (Brasil): _c2002. |
|
| 300 | _a4 p. | ||
| 490 |
_aComunicado Tecnico - Empresa de Pesquisa Agropecuária do Estado do Rio de Janeiro (Brazil) _vno. 274 _xISSN 0100-896X |
||
| 650 | _aMILHO VERDE | ||
| 650 | _aESPIGA | ||
| 650 | _aCARACTERISTICAS AGRONÔMICAS | ||
| 650 | _aCOMPORTAMENTO DE VARIEDADE | ||
| 650 | _aRIO DE JANEIRO | ||
| 909 |
_a202312 _bLúcia Elande _c55 _dLúcia Elande |
||
| 942 |
_2AGRIS _n0 _cMS |
||
| 999 |
_c292749 _d292749 |
||